000 00279 a2200121 4500
001 92403
082 _a891.4393 FAK
090 _c44373
_d44374
100 _aFakhira Jabeen
245 _aBahar Aaney Tak
260 _aLahore
_bAl-Quresh Publications
_c2013
300 _a365p.
942 _aCAE NUST
_k891.4393 FAK
999 _c327476
_d327476